Exchange rates and international finance / (Record no. 19945)
[ view plain ]
| 000 -LEADER | |
|---|---|
| fixed length control field | 01673cam a22002655a 4500 |
| 001 - CONTROL NUMBER | |
| control field | 17982557 |
| 005 - DATE AND TIME OF LATEST TRANSACTION | |
| control field | 20201128021347.0 |
| 008 - FIXED-LENGTH DATA ELEMENTS--GENERAL INFORMATION | |
| fixed length control field | 131227t2014 enka frb 001 0 eng d |
| 020 ## - INTERNATIONAL STANDARD BOOK NUMBER | |
| International Standard Book Number | 9780273786047 |
| 040 ## - CATALOGING SOURCE | |
| Original cataloging agency | DLC |
| Language of cataloging | eng |
| Transcribing agency | DLC |
| Modifying agency | EG-ScBUE |
| 082 04 - DEWEY DECIMAL CLASSIFICATION NUMBER | |
| Classification number | 332.456 |
| Edition number | 22 |
| Item number | COP |
| 100 1# - MAIN ENTRY--PERSONAL NAME | |
| Personal name | Copeland, Laurence S. |
| 9 (RLIN) | 20731 |
| 245 10 - TITLE STATEMENT | |
| Title | Exchange rates and international finance / |
| Statement of responsibility, etc | Laurence S. Copeland. |
| 250 ## - EDITION STATEMENT | |
| Edition statement | 6th ed. |
| 260 ## - PUBLICATION, DISTRIBUTION, ETC. (IMPRINT) | |
| Place of publication, distribution, etc | Harlow : |
| Name of publisher, distributor, etc | Pearson Education Limited, |
| Date of publication, distribution, etc | c.2014. |
| 300 ## - PHYSICAL DESCRIPTION | |
| Extent | xiv, 573 p. : |
| Other physical details | ill. ; |
| Dimensions | 25 cm. |
| 500 ## - GENERAL NOTE | |
| General note | Index : p. 563-573. |
| 504 ## - BIBLIOGRAPHY, ETC. NOTE | |
| Bibliography, etc | Bibliography : p. 551-562. |
| 505 0# - FORMATTED CONTENTS NOTE | |
| Formatted contents note | List of exhibits -- Preface and acknowledgements -- Introduction -- The international setting -- Prices in the open economy : purchasing power parity -- Financial markets in the open economy -- Open economy macroeconomics -- Exchange rate determination -- Flexible prices : the monetary model -- Fixed prices : the mundell/fleming model -- Sticky prices : the dornbusch model -- Portfolio balance and the current account -- Currency substitution -- General equilibrium models -- A world of uncertainty -- Market efficiency and rational expectations -- The "news" model, exchange rate volatility and forecasting -- The risk premium -- Target zones -- Crises and credibility -- Crises and credibility -- Heterogeneous expectations and scapegoat models -- Order flow analysis -- A certain uncertainty: nonlinearity, cycles and chaos -- Conclusions -- Bibliography -- Index. |
| 650 #0 - SUBJECT ADDED ENTRY--TOPICAL TERM | |
| Topical term or geographic name as entry element | Foreign exchange rates. |
| Source of heading or term | BUEsh |
| 650 #7 - SUBJECT ADDED ENTRY--TOPICAL TERM | |
| Topical term or geographic name as entry element | International finance. |
| Source of heading or term | BUEsh |
| 9 (RLIN) | 1619 |
| 651 ## - SUBJECT ADDED ENTRY--GEOGRAPHIC NAME | |
| Source of heading or term | BUEsh |
| 653 ## - INDEX TERM--UNCONTROLLED | |
| Resource For college | BAEPS, Business Administration |
| Arrived date list | June2015 |
| -- | October2015 |
| 942 ## - ADDED ENTRY ELEMENTS (KOHA) | |
| Source of classification or shelving scheme | Dewey Decimal Classification |
| Withdrawn status | Lost status | Source of classification or shelving scheme | Damaged status | Not for loan | Koha collection | Home library | Current library | Shelving location | Date acquired | Source of acquisition | Cost, normal purchase price | Serial Enumeration / chronology | Total Checkouts | Total Renewals | Full call number | Barcode | Date last seen | Date last borrowed | Cost, replacement price | Koha item type |
|---|---|---|---|---|---|---|---|---|---|---|---|---|---|---|---|---|---|---|---|---|
| Dewey Decimal Classification | Alahram | Central Library | Central Library | First floor | 25/06/2015 | Purchase | 295.00 | 330 | 2 | 2 | 332.456 COP | 000039118 | 15/07/2025 | 21/10/2017 | 368.75 | Book - Borrowing |